000 00569nam a22002177a 4500
001 BD-DhSAU 2761
003 BD-DhSAU
005 20150202132139.0
008 150202b1988 ii a|||| |||| 001 0 eng d
040 _aBD-DhSAU
082 _222
_a541.3
_bRAP
100 _aRakshit, P. C.
245 _aPhysical chemistry /
_cP. C. Rakshit
250 _aRevised 5th ed.
260 _aCalcutta :
_bSarat Book House ,
_cc1988.
300 _avii, 763 p. :
_bill. ;
_c25 cm.
504 _aIncludes index.
590 _aJerin
650 _aChemistry
650 _aPhysical chemistry
942 _2ddc
_cBOOK
999 _c2761
_d2761